000 00693nam a22002057a 4500
005 20140305090524.0
008 140305b2010 ck ||||| ||||o00| 0 spa d
020 _a9789588370200
041 _aspa
044 _ack
082 0 4 _a631.582
_bC26s
110 1 _aCorporación Autónoma Regional de Risaralda CARDER
_9998
245 1 _aSistemas agrícolas de producción sostenible
260 _aPereira, Risaralda
_bCorporación Autónoma Regional de Risaralda CARDER
_c2010
300 _a49 p. + 10p. de anexos
_bfot. (col), tablas
_c17 cm.
650 6 _aRotación de cultivos
_915458
650 6 _aSistemas de cultivo
_915459
650 4 _aProducción sostenible
_915460
942 _2ddc
_cImpreso
999 _c8223
_d8223